Vybrané problémy metodológie prognózovania dopytu po stavebných prácach v oblastiach kandidátska dizertačná práca

Salvato in:
Dettagli Bibliografici
Autore principale: Zraková, Zoja
Ente Autore: Vysoká škola ekonomická v Bratislave. Národohospodárska fakulta
Altri autori: Trávnik, Igor
Natura: Libro
Lingua:slovacco
Pubblicazione: Bratislava 1990
Tags: Aggiungi Tag
Nessun Tag, puoi essere il primo ad aggiungerne!!

MARC

LEADER 00000nam a2200000 4500
001 c022114
005 20221215071855.3
041 0 |a slo 
044 |a SK 
245 1 0 |a Vybrané problémy metodológie prognózovania dopytu po stavebných prácach v oblastiach  |b kandidátska dizertačná práca  |c Zoja Zraková ; Ved. práce Igor Trávnik 
264 1 |a Bratislava  |c 1990 
300 |a 105 s. 
100 1 |a Zraková, Zoja 
700 1 |a Trávnik, Igor 
710 2 |a Vysoká škola ekonomická v Bratislave. Národohospodárska fakulta